| 000 -ლიდერი |
| ფიქსირებული სიგრძის საკონტროლო ველი |
01553nam a22002537a 4500 |
| 003 - საკონტროლო ნომრის იდენტიფიკატორი |
| საკონტროლო ველი |
Ge_BSU |
| 005 - ბოლო ოპერაციის თარიღი და დრო |
| საკონტროლო ველი |
20250325151557.0 |
| 008 - ფიქსირებული სიგრძის მონაცემთა ელემენტები - ზოგადი ინფორმაცია |
| ფიქსირებული სიგრძის საკონტროლო ველი |
250324s2023 ge ||||| |||| 00| 0 geo d |
| 020 ## - წიგნის საერთაშორისო სტანდარტული ნომერი |
| International Standard Book Number |
9789941357572 |
| 041 ## - ენის კოდი |
| Language code of text/sound track or separate title |
geo |
| 080 ## - უნივერსალური ათობითი კლასიფიკაციის ინდექსი |
| Universal Decimal Classification number |
615.324 თ-36 |
| 245 ## - ცნობა სათაურის შესახებ |
| Title |
თაფლი : |
| Remainder of title |
[2 ტომად]. ტომი 2, ტკბილი წამალი / |
| Statement of responsibility, etc |
პროექტის ავტორი და მთ. რედაქტორი თამარ მამაცაშვილი ; სარედაქციო ჯგუფი: ნინო ჩარგეიშვილი, ბელა ჩხარტიშვილი, სოფიო ჯაფარიძე [და სხვა]. |
| 264 ## - წარმოების, გამოცემის, დისტრიბუციის და სხვა ცნობები |
| გამოცემის, წარმოების, დისტრიბუციის... ადგილი |
თბილისი : |
| გამოცემის, წარმოების, დისტრიბუციის... სახელწოდება |
პალიტრა L, |
| გამოცემის, წარმოების, დისტრიბუციის... თარიღი |
2023. |
| 300 ## - ფიზიკური აღწერა |
| Extent |
328 გვ. ; |
| Other physical details |
23 სმ. |
| 504 ## - BIBLIOGRAPHY, ETC. NOTE |
| Bibliography, etc |
ბიბლიოგრაფია: გვ. 327. |
| 653 ## - INDEX TERM--UNCONTROLLED |
| Uncontrolled term |
თაფლით მკურნალობა |
| 653 ## - INDEX TERM--UNCONTROLLED |
| Uncontrolled term |
ხალხური მედიცინა |
| 653 ## - INDEX TERM--UNCONTROLLED |
| Uncontrolled term |
ტკბილი წამალი |
| 700 ## - ADDED ENTRY--PERSONAL NAME |
| Personal name |
მამაცაშვილი, თამარ |
| Relator term |
ავტორი და მთ. რედაქტორი |
| 9 (RLIN) |
24662 |
| 700 ## - ADDED ENTRY--PERSONAL NAME |
| Personal name |
ჩარგეიშვილი, ნინო |
| Relator term |
რედაქტორი |
| 9 (RLIN) |
3105 |
| 700 ## - ADDED ENTRY--PERSONAL NAME |
| Personal name |
ჩხარტიშვილი, ბელა |
| Relator term |
რედაქტორი |
| 9 (RLIN) |
24659 |
| 700 ## - ADDED ENTRY--PERSONAL NAME |
| Personal name |
ჯაფარიძე, სოფიო და სხვ. |
| Relator term |
რედაქტორი |
| 9 (RLIN) |
24660 |
| 942 ## - ADDED ENTRY ELEMENTS (KOHA) |
| Source of classification or shelving scheme |
|
| Koha item type |
წიგნი |